00629cam a22002057a 4500003000500000005001700005008004100022010000900063011000900072035000900081040000900090100001900099245007700118260004000195300000900235502008100244650003800325650002800363650003200391CHAP20220329133246.0971013s1990 r 00010 d a4028 a5000 a4205 cCHAP00aCruz, Gerardo. 0aOrganización de asignaturas en bloques en el bachillerato agropecuario aChapingo, Méx. :bEl Autor,c1990 a70 h aTesis (Ing. Agr. Esp. en Zonas Aridas) -- UACH. Departamento de Zonas Aridas14aAgriculturaxEstudio y ensenanza.14aEducación agrícola.14aEducación media superior.